| 000 | 00565cam a22002171a 4500 | ||
|---|---|---|---|
| 001 | sa 66008090 | ||
| 003 | DLC | ||
| 005 | 20260227112310.0 | ||
| 008 | 950420q19601969io a 000 1 ind | ||
| 010 | _asa 66008090 | ||
| 025 | _aPL480:Indo-2389 | ||
| 035 | _a(OCoLC)32341595 | ||
| 040 |
_aDLC _cWU _dDLC |
||
| 042 | _apremarc | ||
| 050 | 0 | 0 |
_aPL5089.W46 _bT4 |
| 100 | 1 | _aWida, Rani. | |
| 245 | 1 | 0 |
_aTerhimpit kasin / _coleh Rani Wida. |
| 260 |
_aTasikmalaja : _bSwandjaja, _c[196-?] |
||
| 300 |
_a64 p. : _bill. ; _c15 cm. |
||
| 440 | 0 |
_aBuku saku ABC ; _vno. 57 |
|
| 999 |
_c71639 _d71639 |
||